[Event "18th European Teams"]
[Site "Porto Carras GRE"]
[Date "2011.11.11"]
[Round "9"]
[White "Naiditsch, Arkadij"]
[Black "Aronian, Levon"]
[Result "1/2-1/2"]
[WhiteElo "2712"]
[BlackElo "2802"]
[PlyCount "21"]
[EventDate "2011.11.03"]
[WhiteTeam "Germany"]
[BlackTeam "Armenia"]
[WhiteTeamCountry "GER"]
[BlackTeamCountry "ARM"]

1. e4 e5 2. Nf3 Nc6 3. Bb5 Nf6 4. O-O Nxe4 5. Re1 Nd6 6. Nxe5 Be7 7. Bf1 Nxe5
8. Rxe5 O-O 9. d4 Bf6 10. Re1 Re8 11. Rxe8+ 1/2-1/2

[Event "61st Hungarian Championship"]
[Site "Heviz"]
[Date "2011.11.16"]
[Round "1"]
[White "Erdos, Viktor"]
[Black "Papp, Gabor"]
[Result "1-0"]
[WhiteElo "2623"]
[BlackElo "2551"]
[PlyCount "119"]
[EventDate "2011.11.16"]

1. d4 d5 2. Nf3 Nf6 3. c4 e6 4. g3 Bb4+ 5. Nbd2 dxc4 6. Bg2 b5 7. O-O c6 8. b3
c3 9. Nb1 Nbd7 10. Qc2 Bb7 11. Nxc3 O-O 12. Ne5 Rc8 13. Nd3 Bxc3 14. Qxc3 Nd5
15. Qd2 Qb6 16. Ba3 Rfd8 17. e4 N5f6 18. Be7 Qxd4 19. Bxd8 Rxd8 20. Qa5 Qb6 21.
Qxb6 axb6 22. Rfd1 Ra8 23. a4 bxa4 24. Rxa4 Rxa4 25. bxa4 Kf8 26. f3 Ke7 27.
Bf1 g5 28. Kf2 h5 29. Rc1 g4 30. e5 Nd5 31. f4 f6 32. exf6+ Kxf6 33. Bg2 c5 34.
Re1 c4 35. Ne5 Nc5 36. Rb1 c3 37. Bxd5 Bxd5 38. Ke3 c2 39. Rc1 Bb3 40. a5 bxa5
41. Kd4 Na6 42. Nd3 a4 43. Re1 Nc7 44. Nc1 Nd5 45. Kd3 h4 46. Kd2 hxg3 47. hxg3
Ne7 48. Nxb3 axb3 49. Re3 b2 50. Kxc2 Nf5 51. Rd3 Nxg3 52. Rxg3 Kf5 53. Rb3
Kxf4 54. Kd2 b1=Q 55. Rxb1 Kf3 56. Ke1 Kg2 57. Rb6 Kg1 58. Ke2 g3 59. Rxe6 g2
60. Rg6 1-0

[Event "61st Hungarian Championship"]
[Site "Heviz"]
[Date "2011.11.16"]
[Round "1"]
[White "Hera, Imre"]
[Black "Berkes, Ferenc"]
[Result "1/2-1/2"]
[WhiteElo "2542"]
[BlackElo "2705"]
[PlyCount "117"]
[EventDate "2011.11.16"]

1. d4 d5 2. c4 e6 3. Nc3 a6 4. cxd5 exd5 5. Qc2 c6 6. Bf4 Bd6 7. Bg3 Ne7 8. e3
Bf5 9. Bd3 Bxd3 10. Qxd3 O-O 11. Nge2 a5 12. O-O Na6 13. Rac1 Nc7 14. Na4 Ne6
15. Nc5 Nxc5 16. dxc5 Bxg3 17. Nxg3 f5 18. Ne2 Kh8 19. b3 Ng6 20. g3 Ne5 21.
Qc3 Nf3+ 22. Kg2 Ng5 23. f3 Ne6 24. Nd4 Qf6 25. Rfe1 Rf7 26. Re2 Re7 27. Nxe6
Qxe6 28. Rce1 Qg6 29. Qd4 Rae8 30. Qd2 Qg5 31. Kf2 Qh5 32. h4 Ra8 33. a4 Re6
34. Qc3 Qf7 35. Rd2 Rae8 36. Rde2 Qe7 37. Qd4 f4 38. Qxf4 Qxc5 39. Qd4 Qxd4 40.
exd4 Rxe2+ 41. Rxe2 Rxe2+ 42. Kxe2 Kg8 43. b4 axb4 44. Kd3 Kf7 45. Kc2 Ke6 46.
Kb3 Kd6 47. Kxb4 b6 48. h5 g6 49. hxg6 hxg6 50. f4 Ke6 51. a5 bxa5+ 52. Kxa5
Kf5 53. Kb6 Ke4 54. Kc5 Ke3 55. Kxc6 Kxd4 56. g4 Ke4 57. f5 gxf5 58. gxf5 Kxf5
59. Kxd5 1/2-1/2

[Event "61st Hungarian Championship"]
[Site "Heviz"]
[Date "2011.11.17"]
[Round "2"]
[White "Pap, Gyula"]
[Black "Erdos, Viktor"]
[Result "1/2-1/2"]
[WhiteElo "2492"]
[BlackElo "2623"]
[PlyCount "60"]
[EventDate "2011.11.16"]

1. d4 Nf6 2. c4 g6 3. Nc3 d5 4. cxd5 Nxd5 5. e4 Bg7 6. Qa4+ Nd7 7. Nf3 c5 8.
Bg5 O-O 9. Rc1 Nxc3 10. bxc3 h6 11. Be3 a6 12. dxc5 Nf6 13. h3 Bd7 14. Qb4 Bc6
15. Nd2 e5 16. Be2 Qe7 17. O-O a5 18. Qb1 Nd7 19. Bb5 Nxc5 20. Bxc6 bxc6 21.
Qb6 Nd3 22. Rcd1 Nf4 23. Kh2 Rfb8 24. Qxc6 Rc8 25. Qb6 Qa3 26. Qb3 Rxc3 27.
Qxa3 Rxa3 28. Nc4 Rxa2 29. Ra1 Rxa1 30. Rxa1 Ne6 1/2-1/2

[Event "61st Hungarian Championship"]
[Site "Heviz"]
[Date "2011.11.17"]
[Round "2"]
[White "Varga, Zoltan"]
[Black "Berkes, Ferenc"]
[Result "1/2-1/2"]
[WhiteElo "2450"]
[BlackElo "2705"]
[PlyCount "68"]
[EventDate "2011.11.16"]

1. e4 e5 2. Nf3 Nc6 3. d4 exd4 4. Nxd4 Bc5 5. Nb3 Bb6 6. Nc3 d6 7. Nd5 Qh4 8.
Qf3 Nf6 9. Be2 Nxd5 10. exd5 Ne5 11. Qg3 Qxg3 12. hxg3 Bf5 13. c4 Nd3+ 14. Bxd3
Bxd3 15. Rh4 f6 16. Be3 g5 17. Rh6 Bxe3 18. fxe3 Bxc4 19. Rc1 Bxb3 20. axb3 Kd7
21. Rxf6 Rhf8 22. Rf3 Rae8 23. Kf2 h6 24. e4 g4 25. Rxf8 Rxf8+ 26. Ke3 c6 27.
dxc6+ bxc6 28. Ra1 Rb8 29. Rxa7+ Ke6 30. Rh7 Ke5 31. Re7+ Kf6 32. Rh7 Ke5 33.
Re7+ Kf6 34. Rh7 Ke5 1/2-1/2

[Event "61st Hungarian Championship"]
[Site "Heviz"]
[Date "2011.11.18"]
[Round "3"]
[White "Berkes, Ferenc"]
[Black "Papp, Gabor"]
[Result "1-0"]
[WhiteElo "2705"]
[BlackElo "2551"]
[PlyCount "73"]
[EventDate "2011.11.16"]

1. g3 Nf6 2. Bg2 d5 3. Nf3 e6 4. O-O Be7 5. c4 O-O 6. d4 dxc4 7. Qc2 b5 8. a4
b4 9. Nbd2 Bb7 10. Nxc4 Be4 11. Qb3 Nc6 12. Rd1 Bd5 13. a5 Qc8 14. Nfe5 Qa6 15.
Bxd5 exd5 16. Ne3 Bd6 17. Nxc6 Qxc6 18. Bd2 Rfe8 19. Rdc1 Qb5 20. Qd3 Qd7 21.
Nf5 Bf8 22. Nh4 Rac8 23. Nf3 c5 24. dxc5 Bxc5 25. Kg2 Ne4 26. Be1 Rc6 27. Rd1
Rh6 28. h4 Rd6 29. Rac1 a6 30. Ng5 h6 31. Rxc5 Nxc5 32. Qh7+ Kf8 33. Nf3 Rxe2
34. Nd4 Re5 35. Bxb4 Ne4 36. Rc1 Qg4 37. Rc7 1-0

[Event "61st Hungarian Championship"]
[Site "Heviz"]
[Date "2011.11.18"]
[Round "3"]
[White "Erdos, Viktor"]
[Black "Flumbort, Andras"]
[Result "1/2-1/2"]
[WhiteElo "2623"]
[BlackElo "2538"]
[PlyCount "55"]
[EventDate "2011.11.16"]

1. d4 d5 2. c4 c6 3. Nf3 Nf6 4. Nc3 dxc4 5. a4 Bf5 6. e3 e6 7. Bxc4 Bb4 8. Ne5
Nbd7 9. Nxd7 Qxd7 10. Qb3 a5 11. O-O O-O 12. f3 Bg6 13. Rd1 Nd5 14. Na2 b5 15.
Bf1 bxa4 16. Qxa4 Nb6 17. Qb3 Qd5 18. Qxd5 cxd5 19. Bd2 Bxd2 20. Rxd2 Rfc8 21.
Nc3 Kf8 22. Ra3 a4 23. e4 dxe4 24. fxe4 Nc4 25. Bxc4 Rxc4 26. Kf2 f6 27. Ke3
Be8 28. Ne2 1/2-1/2

[Event "61st Hungarian Championship"]
[Site "Heviz"]
[Date "2011.11.19"]
[Round "4"]
[White "Czebe, Attila"]
[Black "Erdos, Viktor"]
[Result "0-1"]
[WhiteElo "2503"]
[BlackElo "2623"]
[PlyCount "52"]
[EventDate "2011.11.16"]

1. Nf3 d5 2. g3 g6 3. Bg2 Bg7 4. c4 c6 5. d4 Nf6 6. cxd5 cxd5 7. Ne5 Ne4 8. Nd2
Nd7 9. Nxe4 dxe4 10. Nxd7 Qxd7 11. Be3 Qd5 12. O-O O-O 13. Rc1 Qxa2 14. Bxe4
Qxb2 15. Qd3 Rd8 16. Rc7 Bf6 17. Rfc1 a5 18. h4 a4 19. Rb1 Qa2 20. h5 Qe6 21.
hxg6 hxg6 22. Rc2 a3 23. Ra1 Ra4 24. Rd2 b5 25. Qb1 Kg7 26. Bc2 Rh8 0-1

[Event "61st Hungarian Championship"]
[Site "Heviz"]
[Date "2011.11.19"]
[Round "4"]
[White "Pap, Gyula"]
[Black "Berkes, Ferenc"]
[Result "1/2-1/2"]
[WhiteElo "2492"]
[BlackElo "2705"]
[PlyCount "76"]
[EventDate "2011.11.16"]

1. d4 Nf6 2. c4 e6 3. Nf3 d5 4. Nc3 Be7 5. Bf4 O-O 6. Rc1 Nbd7 7. e3 c6 8. h3
Ne8 9. cxd5 exd5 10. Bd3 Bd6 11. Qc2 Bxf4 12. exf4 g6 13. h4 Ng7 14. Ne5 Nxe5
15. fxe5 Bf5 16. Bxf5 Nxf5 17. Qd2 f6 18. g4 Ng7 19. f4 fxe5 20. dxe5 d4 21.
Ne4 Qd5 22. Qg2 Qa5+ 23. Qd2 Qxd2+ 24. Kxd2 Rxf4 25. Nf6+ Kh8 26. Rhf1 Rxf1 27.
Rxf1 Rf8 28. Kd3 Ne6 29. h5 h6 30. hxg6 Kg7 31. Nh5+ Kxg6 32. Rxf8 Nxf8 33.
Kxd4 Kg5 34. Nf6 Kf4 35. Kc5 Kxe5 36. Ng8 Nd7+ 37. Kc4 Nb6+ 38. Kb3 Kf4 1/2-1/2

[Event "61st Hungarian Championship"]
[Site "Heviz"]
[Date "2011.11.20"]
[Round "5"]
[White "Berkes, Ferenc"]
[Black "Flumbort, Andras"]
[Result "1/2-1/2"]
[WhiteElo "2705"]
[BlackElo "2538"]
[PlyCount "82"]
[EventDate "2011.11.16"]

1. d4 d5 2. c4 c6 3. Nf3 Nf6 4. e3 e6 5. Bd3 Nbd7 6. b3 Bb4+ 7. Nbd2 e5 8. dxe5
Bc3 9. Rb1 Nxe5 10. Nxe5 Bxe5 11. h3 O-O 12. O-O h6 13. Qc2 Qe7 14. Nf3 Bc7 15.
Bb2 Be6 16. Rfd1 Rad8 17. Bd4 a6 18. a4 Rfe8 19. Qb2 dxc4 20. bxc4 Rd7 21. c5
Red8 22. a5 Ne8 23. Kf1 Rb8 24. Ne5 Rd5 25. Nc4 Qh4 26. Nd2 Bxa5 27. Nf3 Qh5
28. Bc4 Bxh3 29. Bxd5 cxd5 30. gxh3 Qxf3 31. Kg1 Bc7 32. Be5 Qxh3 33. Bxc7 Nxc7
34. Qe5 Rc8 35. Qh2 Qf5 36. Qf4 Qg6+ 37. Qg3 Qxg3+ 38. fxg3 Ne6 39. Rxb7 Rxc5
40. Rd7 Ng5 41. R7xd5 Rc2 1/2-1/2

[Event "61st Hungarian Championship"]
[Site "Heviz"]
[Date "2011.11.20"]
[Round "5"]
[White "Erdos, Viktor"]
[Black "Prohaszka, Peter"]
[Result "1-0"]
[WhiteElo "2623"]
[BlackElo "2564"]
[PlyCount "135"]
[EventDate "2011.11.16"]

1. d4 d5 2. Nf3 Nf6 3. c4 c6 4. Qb3 dxc4 5. Qxc4 Bf5 6. g3 e6 7. Bg2 Nbd7 8. e3
Be7 9. O-O O-O 10. Rd1 Rc8 11. Qe2 Ne4 12. Ne1 Bg6 13. Nd3 Qb6 14. Nf4 Nef6 15.
Nc3 e5 16. Nxg6 hxg6 17. dxe5 Nxe5 18. e4 Rcd8 19. Be3 Qb4 20. a3 Qb3 21. Bd4
Nfd7 22. Na2 Bc5 23. Bc3 Qe6 24. Nb4 Bb6 25. Nc2 g5 26. Nd4 Bxd4 27. Rxd4 Nc5
28. Rad1 Rxd4 29. Bxd4 Nb3 30. Bc3 g4 31. Qe3 Nc4 32. Qxa7 b5 33. a4 bxa4 34.
Qxa4 Nc5 35. Qc2 Re8 36. b3 Ne5 37. Bxe5 Qxe5 38. b4 Na6 39. Qxc6 Nxb4 40. Qc4
Rb8 41. Rb1 Qb5 42. Qxb5 Rxb5 43. Bf1 Rb6 44. Be2 Nd5 45. Rxb6 Nxb6 46. Bxg4 g5
47. Kf1 Kg7 48. Ke2 Nc4 49. f4 gxf4 50. gxf4 f6 51. Kd3 Nd6 52. Kd4 Kf7 53. Kd5
Ke7 54. h4 Nb5 55. h5 Nc3+ 56. Kd4 Nb5+ 57. Kc4 Nd6+ 58. Kd5 Nf7 59. Bh3 Nd8
60. h6 Kf7 61. Bf5 Nb7 62. Bc8 Nd8 63. Kd6 Kg6 64. f5+ Kxh6 65. Ke7 Nc6+ 66.
Kxf6 Kh7 67. Bb7 Nb4 68. e5 1-0

[Event "61st Hungarian Championship"]
[Site "Heviz"]
[Date "2011.11.21"]
[Round "6"]
[White "Banusz, Tamas"]
[Black "Erdos, Viktor"]
[Result "1/2-1/2"]
[WhiteElo "2563"]
[BlackElo "2623"]
[PlyCount "52"]
[EventDate "2011.11.16"]

1. d4 d5 2. c4 c6 3. Nc3 dxc4 4. Nf3 Nf6 5. a4 Bf5 6. Ne5 Nbd7 7. Nxc4 Nb6 8.
Ne5 a5 9. g3 e6 10. Bg2 Bb4 11. O-O O-O 12. e3 h6 13. Qe2 Bh7 14. Rd1 Nbd7 15.
Nc4 Nb6 16. Ne5 Nbd7 17. Nd3 Qb6 18. e4 Qxd4 19. Be3 Qc4 20. Nxb4 Qxb4 21. Rd4
Qe7 22. Rad1 Nc5 23. Rc4 Ncd7 24. Rcd4 Nc5 25. Rc4 Ncd7 26. Rcd4 Nc5 1/2-1/2

[Event "61st Hungarian Championship"]
[Site "Heviz"]
[Date "2011.11.21"]
[Round "6"]
[White "Czebe, Attila"]
[Black "Berkes, Ferenc"]
[Result "0-1"]
[WhiteElo "2503"]
[BlackElo "2705"]
[PlyCount "70"]
[EventDate "2011.11.16"]

1. Nf3 d5 2. g3 Bg4 3. Ne5 Bf5 4. c4 Nd7 5. Nxd7 Qxd7 6. Bg2 e6 7. O-O Nf6 8.
d3 Be7 9. Nd2 O-O 10. e4 Bg6 11. Qe2 dxe4 12. dxe4 Rfd8 13. Nb3 Qd3 14. Qxd3
Rxd3 15. e5 Nd7 16. Bxb7 Rb8 17. Bg2 Nxe5 18. Be3 Rxe3 19. fxe3 Bg5 20. Rf4 Nd3
21. h4 Bxf4 22. gxf4 Nxb2 23. c5 Kf8 24. Rc1 Rb4 25. Nd4 Nd3 26. Nc6 Nxc1 27.
Nxb4 Nd3 28. Na6 Ke7 29. Kh2 f6 30. Kg3 Kd8 31. Bf1 Be4 32. a4 Nb2 33. a5 Nd1
34. Bc4 Kd7 35. Bb5+ c6 0-1

[Event "61st Hungarian Championship"]
[Site "Heviz"]
[Date "2011.11.22"]
[Round "7"]
[White "Erdos, Viktor"]
[Black "Varga, Zoltan"]
[Result "1-0"]
[WhiteElo "2623"]
[BlackElo "2450"]
[PlyCount "153"]
[EventDate "2011.11.16"]

1. d4 d5 2. Nf3 a6 3. g3 Bg4 4. Ne5 Bf5 5. Bg2 c6 6. c4 f6 7. Nf3 dxc4 8. b3 e5
9. O-O e4 10. Nfd2 Qxd4 11. Nxc4 Qxd1 12. Rxd1 Be6 13. Nb6 Ra7 14. Nc3 Nd7 15.
Nxd7 Bxd7 16. Nxe4 f5 17. Nd6+ Bxd6 18. Rxd6 Nf6 19. Bg5 Ke7 20. Rad1 Be6 21.
e4 fxe4 22. R6d4 e3 23. Bxe3 Raa8 24. Rb4 Rhb8 25. Bf4 a5 26. Bxb8 axb4 27.
Bd6+ Kf7 28. Rd2 Nd5 29. Bxd5 Bxd5 30. Bxb4 Re8 31. f4 h5 32. Kf2 Re4 33. Bc5
Ke6 34. Be3 Kf5 35. h3 g6 36. Rd1 Re8 37. Bc5 h4 38. gxh4 Kxf4 39. Rg1 Ra8 40.
a3 b6 41. Bd6+ Kf5 42. Rg3 Re8 43. Bc7 b5 44. a4 bxa4 45. bxa4 Re4 46. Rg5+ Kf6
47. a5 Ra4 48. Bd8+ Kf7 49. h5 gxh5 50. Rxh5 Ra3 51. h4 Kg6 52. Rg5+ Kh6 53.
Re5 Kh7 54. Ke2 Kg7 55. Kd2 Kh7 56. Bb6 Kg6 57. h5+ Kh7 58. Kc2 Ra4 59. Kc3
Rc4+ 60. Kd3 Ra4 61. Kd2 Ra3 62. Be3 Rxa5 63. Re7+ Kg8 64. h6 Ra2+ 65. Kd3 Rh2
66. Rg7+ Kh8 67. Kd4 Rh4+ 68. Kc5 Rh3 69. Bf4 Rh4 70. Bg5 Rh5 71. Kd6 Bf3 72.
Ke5 Rxg5+ 73. Rxg5 Kh7 74. Kf6 Kxh6 75. Rg3 Bh5 76. Rh3 c5 77. Rh4 1-0

[Event "61st Hungarian Championship"]
[Site "Heviz"]
[Date "2011.11.22"]
[Round "7"]
[White "Berkes, Ferenc"]
[Black "Prohaszka, Peter"]
[Result "1-0"]
[WhiteElo "2705"]
[BlackElo "2564"]
[PlyCount "117"]
[EventDate "2011.11.16"]

1. Nf3 d5 2. g3 c6 3. Bg2 Bg4 4. O-O Nf6 5. d3 Nbd7 6. h3 Bh5 7. Qe1 e5 8. e4
dxe4 9. dxe4 Bc5 10. a4 O-O 11. Nbd2 Re8 12. Nc4 Qc7 13. Nh4 Bg6 14. Kh1 Nb6
15. Na5 Rad8 16. Nb3 Bf8 17. Qe2 Nbd7 18. Nxg6 hxg6 19. Be3 b6 20. Qc4 Qd6 21.
f3 Qb4 22. Qe2 a5 23. Rfd1 Nb8 24. h4 Rxd1+ 25. Rxd1 Nbd7 26. Bd2 Qxa4 27. Bf1
c5 28. Bg5 Nb8 29. Qb5 Qxb5 30. Bxb5 Rc8 31. Nd2 Bd6 32. Nc4 Bc7 33. Kg2 Kf8
34. c3 Ne8 35. b4 axb4 36. cxb4 cxb4 37. Bd2 Bd8 38. Bxb4+ Be7 39. Nxb6 Rc2+
40. Kh3 Bxb4 41. Rd8 Nc6 42. Rc8 Ke7 43. Nd5+ Kd6 44. Rxe8 Be1 45. Bxc6 Rxc6
46. Re7 f5 47. Rxg7 fxe4 48. Rxg6+ Kxd5 49. fxe4+ Kc5 50. Rxc6+ Kxc6 51. h5 Bb4
52. Kg4 Kd7 53. h6 Bf8 54. Kg5 Ke6 55. Kg6 Be7 56. g4 Bf6 57. g5 Bh8 58. Kh7
Bf6 59. g6 1-0

[Event "61st Hungarian Championship"]
[Site "Heviz"]
[Date "2011.11.23"]
[Round "8"]
[White "Banusz, Tamas"]
[Black "Berkes, Ferenc"]
[Result "1-0"]
[WhiteElo "2563"]
[BlackElo "2705"]
[PlyCount "153"]
[EventDate "2011.11.16"]

1. Nf3 c5 2. c4 Nc6 3. d4 cxd4 4. Nxd4 e6 5. Nc3 Bb4 6. Ndb5 Nge7 7. Bf4 e5 8.
Bc1 O-O 9. a3 Bxc3+ 10. Nxc3 d6 11. e4 f5 12. exf5 Bxf5 13. Be3 Be6 14. Bd3 Na5
15. Nd5 Nxc4 16. Bxc4 Nxd5 17. O-O Nf4 18. Bxe6+ Nxe6 19. Qd5 Qd7 20. Rad1 Rad8
21. Bxa7 Kh8 22. Be3 b5 23. Rd2 Nc7 24. Qe4 Rfe8 25. Bb6 d5 26. Qe2 d4 27. Rc1
Rc8 28. Bxc7 Rxc7 29. Rxc7 Qxc7 30. Rxd4 h6 31. h3 e4 32. Rd1 Qe5 33. Qd2 Rc8
34. Qd4 Qxd4 35. Rxd4 Rc1+ 36. Kh2 Rc2 37. Rb4 Rxf2 38. Rxb5 g5 39. a4 e3 40.
a5 Kg7 41. Kg3 h5 42. a6 h4+ 43. Kh2 Rf1 44. Re5 Ra1 45. Rxe3 Rxa6 46. b4 Kf6
47. b5 Rb6 48. Rb3 Ke5 49. Kg1 Kd4 50. Kf2 Kc4 51. Rb1 Kd3 52. Kf3 Kc2 53. Rb4
Kc3 54. Rb1 Kc2 55. Rf1 Rf6+ 56. Ke2 Re6+ 57. Kf3 Rf6+ 58. Ke2 Re6+ 59. Kf2 Rb6
60. Ke3 Rxb5 61. Ke4 Kd2 62. Rf5 Rb4+ 63. Kf3 Rb3+ 64. Kf2 g4 65. hxg4 Rg3 66.
Rf4 Kc2 67. g5 Rxg5 68. Rxh4 Kd3 69. Kf3 Re5 70. Ra4 Rf5+ 71. Rf4 Re5 72. g4
Re3+ 73. Kf2 Re5 74. Kg3 Re1 75. g5 Rg1+ 76. Kh4 Ke3 77. Ra4 1-0

[Event "61st Hungarian Championship"]
[Site "Heviz"]
[Date "2011.11.23"]
[Round "8"]
[White "Erdos, Viktor"]
[Black "Hera, Imre"]
[Result "1/2-1/2"]
[WhiteElo "2623"]
[BlackElo "2542"]
[PlyCount "23"]
[EventDate "2011.11.16"]

1. d4 Nf6 2. c4 e6 3. Nc3 Bb4 4. Qc2 O-O 5. a3 Bxc3+ 6. Qxc3 d5 7. e3 b6 8. Nf3
Ba6 9. b4 dxc4 10. Bxc4 Ne4 11. Qc2 Bxc4 12. Qxc4 1/2-1/2

[Event "61st Hungarian Championship"]
[Site "Heviz"]
[Date "2011.11.24"]
[Round "9"]
[White "Berkes, Ferenc"]
[Black "Erdos, Viktor"]
[Result "1/2-1/2"]
[WhiteElo "2705"]
[BlackElo "2623"]
[PlyCount "32"]
[EventDate "2011.11.16"]

1. d4 Nf6 2. Bg5 e6 3. e4 h6 4. Bxf6 Qxf6 5. Nc3 d6 6. Qd2 c6 7. f4 e5 8. fxe5
dxe5 9. dxe5 Qxe5 10. Nf3 Qa5 11. Bc4 Bb4 12. Rf1 O-O 13. O-O-O Nd7 14. a3 Bxc3
15. Qxc3 Qxc3 16. bxc3 Nc5 1/2-1/2

[Event "Spanish League 2011"]
[Site "Melilla ESP"]
[Date "2011.11.21"]
[Round "1"]
[White "Vallejo Pons, F."]
[Black "Harikrishna, P."]
[Result "1-0"]
[WhiteElo "2705"]
[BlackElo "2673"]
[PlyCount "143"]
[EventDate "2011.11.21"]
[WhiteTeam "Colegio Marcote-EIKM"]
[BlackTeam "CA Solvay"]

1. e4 e5 2. Nf3 Nc6 3. Bb5 a6 4. Ba4 Nf6 5. O-O Be7 6. Re1 b5 7. Bb3 d6 8. c3
O-O 9. h3 Nb8 10. d4 Nbd7 11. c4 b4 12. a3 c5 13. d5 a5 14. Nbd2 Nb6 15. Bc2 g6
16. axb4 axb4 17. Rxa8 Nxa8 18. Nf1 Nb6 19. b3 Nh5 20. Bh6 Ng7 21. g4 Bd7 22.
Ng3 Qc7 23. Kh2 Ra8 24. Rg1 Qd8 25. Nf5 Bxf5 26. exf5 e4 27. Bxe4 Bf6 28. Re1
Nd7 29. Bf4 Bc3 30. Re2 Ne8 31. Qc2 Ne5 32. Bxe5 Bxe5+ 33. Kg2 Ra7 34. fxg6
hxg6 35. Bxg6 fxg6 36. Qxg6+ Rg7 37. Qe6+ Rf7 38. Nxe5 dxe5 39. Rxe5 Ng7 40.
Qh6 Qf8 41. Qe3 Rf4 42. Re4 Rf6 43. h4 Ra6 44. h5 Kh7 45. Re7 Rf6 46. f3 Ra6
47. Qd3+ Kh8 48. Re2 Ne8 49. Qe3 Nf6 50. Qe5 Kg8 51. Kg3 Nd7 52. Qg5+ Kh8 53.
f4 Nf6 54. Qe5 Qg7 55. g5 Nxh5+ 56. Kf3 Qxe5 57. fxe5 Ng7 58. Ke4 Kg8 59. d6
Ra1 60. Kd5 Rd1+ 61. Kxc5 Ne6+ 62. Kxb4 Kf7 63. Rf2+ Ke8 64. g6 Rg1 65. Rf6 Kd7
66. c5 Nd4 67. Kc4 Nc6 68. e6+ Ke8 69. e7 Ne5+ 70. Kb5 Nd7 71. Re6 Rg5 72. b4
1-0

[Event "Spanish League 2011"]
[Site "Melilla ESP"]
[Date "2011.11.21"]
[Round "1"]
[White "Ganguly, S."]
[Black "Naiditsch, A."]
[Result "1-0"]
[WhiteElo "2625"]
[BlackElo "2712"]
[PlyCount "75"]
[EventDate "2011.11.21"]
[WhiteTeam "CA Solvay"]
[BlackTeam "Colegio Marcote-EIKM"]

1. d4 Nf6 2. c4 e6 3. g3 c5 4. d5 d6 5. Nc3 exd5 6. cxd5 g6 7. Bg2 Bg7 8. Nf3
O-O 9. O-O a6 10. a4 Nbd7 11. Bf4 Qe7 12. h3 Rb8 13. e4 Ne8 14. Re1 f6 15. Nd2
Ne5 16. Qe2 Nc7 17. Be3 b5 18. f4 Nc4 19. Nxc4 bxc4 20. Nd1 Re8 21. Qxc4 Rb4
22. Qc2 f5 23. e5 Qd8 24. Bd2 Rb8 25. Ba5 Rb7 26. Ne3 dxe5 27. d6 Qxd6 28. Bxb7
Bxb7 29. Qb3+ Ne6 30. Qxb7 exf4 31. Qd5 Qe7 32. Ng2 Bd4+ 33. Kh1 fxg3 34. Nf4
Qh4 35. Rxe6 Rxe6 36. Qxe6+ Kg7 37. Qd7+ Kh6 38. Bd2 1-0

[Event "Spanish League 2011"]
[Site "Melilla ESP"]
[Date "2011.11.21"]
[Round "1"]
[White "Dreev, A."]
[Black "Dominguez Perez, L."]
[Result "0-1"]
[WhiteElo "2710"]
[BlackElo "2712"]
[PlyCount "160"]
[EventDate "2011.11.21"]
[WhiteTeam "CA Reverte Albox"]
[BlackTeam "CA Sestao Naturgas Energia"]

1. d4 Nf6 2. c4 g6 3. Nc3 d5 4. e3 Bg7 5. Qb3 e6 6. Qa3 Nc6 7. Nf3 Bd7 8. cxd5
exd5 9. Bd2 Ne7 10. Qb3 Rb8 11. Ne5 O-O 12. Nxd7 Qxd7 13. Bd3 c6 14. Qa4 Ra8
15. Qc2 Nc8 16. O-O Nd6 17. f3 Nfe8 18. Be1 Nc7 19. Bg3 Ne6 20. Qa4 Rfd8 21.
Rad1 Qe7 22. Rfe1 a6 23. Qb4 b5 24. Kh1 a5 25. Qb3 Nc4 26. Qc2 Nb6 27. Ne2 Rac8
28. Nf4 Nxf4 29. exf4 Qd7 30. f5 Re8 31. Be5 Nc4 32. f4 Nd6 33. f6 Bf8 34. b3
Rcd8 35. Rc1 Rc8 36. Rcd1 Ne4 37. Bxe4 dxe4 38. Qxe4 Qd5 39. Rc1 a4 40. Re3 Bb4
41. Rc2 Red8 42. bxa4 bxa4 43. h3 Re8 44. Qd3 Bf8 45. Qc4 a3 46. Qxd5 cxd5 47.
Rec3 Rxc3 48. Rxc3 h5 49. h4 Ra8 50. Rb3 Rc8 51. Kh2 Kh7 52. Rb7 Kg8 53. Kh3
Rc3+ 54. Kh2 Bh6 55. Ra7 Rd3 56. Ra5 Kh7 57. Ra8 Rc3 58. Bd6 Rc6 59. Bc5 Bxf4+
60. g3 Bc1 61. Be7 Rc2+ 62. Kh3 Rxa2 63. Bd6 g5 64. hxg5 Bxg5 65. g4 hxg4+ 66.
Kxg4 Bxf6 67. Ra5 Bxd4 68. Rxd5 Rg2+ 69. Kh3 a2 70. Rxd4 a1=Q 71. Rh4+ Kg6 72.
Kxg2 Qa2+ 73. Kg1 Qb1+ 74. Kh2 Qc2+ 75. Kh3 Qf5+ 76. Kh2 Qf2+ 77. Kh3 Qf1+ 78.
Kh2 Qe2+ 79. Kh3 Qe6+ 80. Rg4+ Kh5 0-1

[Event "Spanish League 2011"]
[Site "Melilla ESP"]
[Date "2011.11.21"]
[Round "1"]
[White "Vachier Lagrave, M."]
[Black "Mchedlishvili, M."]
[Result "1/2-1/2"]
[WhiteElo "2710"]
[BlackElo "2636"]
[PlyCount "61"]
[EventDate "2011.11.21"]
[WhiteTeam "CA Sestao Naturgas Energia"]
[BlackTeam "CA Reverte Albox"]

1. d4 Nf6 2. c4 e6 3. Nf3 Bb4+ 4. Bd2 Bxd2+ 5. Qxd2 d5 6. Nc3 O-O 7. e3 Qe7 8.
Rc1 Rd8 9. cxd5 exd5 10. Bd3 Nc6 11. h3 Ne4 12. Qe2 Bf5 13. a3 a6 14. Nd2 Nxc3
15. Rxc3 Bxd3 16. Qxd3 Na7 17. O-O Nb5 18. Rc5 c6 19. a4 Nd6 20. b4 Re8 21. Qe2
Qh4 22. Qg4 Qd8 23. Rb1 Re6 24. Rc2 Qe7 25. Qf4 Re8 26. Rb3 Rf6 27. Qe5 Qd7 28.
Qh5 Rg6 29. Nf3 Rh6 30. Ne5 Qd8 31. Qf3 1/2-1/2

[Event "Spanish League 2011"]
[Site "Melilla ESP"]
[Date "2011.11.21"]
[Round "1"]
[White "Krasenkow, M."]
[Black "Giri, A."]
[Result "0-1"]
[WhiteElo "2608"]
[BlackElo "2714"]
[PlyCount "146"]
[EventDate "2011.11.21"]
[WhiteTeam "CA Reverte Albox"]
[BlackTeam "CA Sestao Naturgas Energia"]

1. d4 Nf6 2. c4 e6 3. Nf3 b6 4. a3 Ba6 5. e3 d5 6. Nbd2 Be7 7. b4 O-O 8. Bb2
Nbd7 9. cxd5 Bxf1 10. Nxf1 exd5 11. Ng3 Re8 12. Ne5 Bd6 13. f4 c5 14. O-O c4
15. b5 a6 16. a4 Qc7 17. Qc2 axb5 18. axb5 Ra5 19. Rxa5 bxa5 20. Bc3 Ra8 21.
Ra1 Qb7 22. Qb1 a4 23. Bb4 Ne8 24. Nf5 Bxe5 25. fxe5 Qxb5 26. Ne7+ Kh8 27. Ba3
Qb3 28. Nxd5 c3 29. Qxb3 axb3 30. Nxc3 Nb6 31. Bb2 Rxa1+ 32. Bxa1 f6 33. exf6
gxf6 34. Kf2 Nd6 35. Ke2 Ndc4 36. Nd1 Na4 37. Kd3 b2 38. Nxb2 Ncxb2+ 39. Kc2
Nc4 40. Kd3 Ncb2+ 41. Kc2 Nc4 42. Kd3 Na5 43. d5 Kg7 44. Bd4 Kf7 45. e4 Nb3 46.
Ba7 Nbc5+ 47. Ke3 Nd7 48. Bd4 Nab6 49. Kf4 Nc4 50. g4 Kg6 51. h3 Nde5 52. Bc3
Nd3+ 53. Kf3 Nc5 54. Bb4 Ne5+ 55. Ke3 Ncd7 56. Be1 Kg5 57. Bg3 Ng6 58. Kf3
Nde5+ 59. Ke3 Nc4+ 60. Kd4 Nce5 61. Ke3 Nf7 62. Kf3 Nge5+ 63. Ke3 Kg6 64. Kd4
Kg5 65. Kc5 Nd3+ 66. Kc6 Nf4 67. d6 Nxh3 68. Kd7 Kg6 69. Ke7 Nhg5 70. d7 Nxe4
71. Bh4 Neg5 72. d8=Q Nxd8 73. Kxd8 Nf3 0-1

[Event "Spanish League 2011"]
[Site "Melilla ESP"]
[Date "2011.11.22"]
[Round "2"]
[White "Ponomariov, R."]
[Black "Dreev, A."]
[Result "1/2-1/2"]
[WhiteElo "2723"]
[BlackElo "2710"]
[PlyCount "75"]
[EventDate "2011.11.21"]
[WhiteTeam "Gros Xake Taldea"]
[BlackTeam "CA Reverte Albox"]

1. d4 d5 2. c4 c6 3. Nf3 Nf6 4. Nc3 e6 5. Bg5 Nbd7 6. e3 Qa5 7. Nd2 Bb4 8. Qc2
O-O 9. Be2 c5 10. Bf4 cxd4 11. exd4 dxc4 12. Nxc4 Qd8 13. O-O Nb6 14. Qb3 Bxc3
15. bxc3 Nxc4 16. Bxc4 Qa5 17. Rfe1 Bd7 18. Re5 Qc7 19. Bd3 b5 20. Qc2 Rfc8 21.
Rc1 Qb6 22. Qb1 b4 23. c4 Qxd4 24. Bg3 Ba4 25. Qxb4 Qxd3 26. Qxa4 Ne4 27. Qc2
Qxc2 28. Rxc2 Rab8 29. Kf1 Rxc4 30. Rxc4 Nd2+ 31. Ke2 Nxc4 32. Rc5 Rb2+ 33. Kd3
Nb6 34. Ra5 Nc8 35. Rc5 Nb6 36. Ra5 Nc8 37. Rc5 Nb6 38. Ke4 1/2-1/2